000 00740nam a22002177a 4500
003 OSt
005 20150327164017.0
008 150327b xxu||||| |||| 00| 0 eng d
020 _a84-9785-117-X
040 _cBMC
082 _a863.3959
082 _a910.4800464
245 0 0 _aTerritorios del Quijote
_cfotografías, Navia ; textos, Julio Llamazares...et al. ; [traducción, Martin Greedy]
260 _aBarcelona
_aMadrid
_bLunwerg
_c[2004]
300 _a270 p.
_bil.
_c33 cm
600 1 4 _aCervantes Saavedra, Miguel de
_d1547-1616
_tDon Quijote de la Mancha
_926819
650 2 4 _aRutas literarias
_zCastilla-La Mancha
_932741
700 1 _aNavia, José Manuel
_932901
700 1 _aLlamazares, Julio
_932900
942 _2ddc
_cBK
_hahoj
999 _c19943
_d19943